Štúdium syntézy a vlastností styrén/butylakrylátových kopolymérnych disperzií : Obh. 10.6.1996 /

Na minha lista:
Detalhes bibliográficos
Autor principal: Jánošová, Mária (Author)
Formato: Manuscrito Livro
Idioma:eslovaco
Publicado em: Bratislava : STU v Bratislave ChtF, 1996
Tags: Adicionar Tag
Sem tags, seja o primeiro a adicionar uma tag!

MARC

LEADER 00000ntm a22000003a 4500
001 stu23970
005 20150617225747.7
008 960624s1996----xo------------------slo-d
040 |a STU  |b slo 
041 0 |a slo 
044 |a xo 
100 1 |a Jánošová, Mária  |4 aut 
245 1 |a Štúdium syntézy a vlastností styrén/butylakrylátových kopolymérnych disperzií :  |b Obh. 10.6.1996 /  |c [aut.]Jánošová,Mária 
260 |a Bratislava :  |b STU v Bratislave ChtF,  |c 1996 
300 |a 58 s :  |b Obr.,tab.,grafy,lit 
500 |a Zameranie: Plasty a kaučuk 
996 |b CD12165  |c C*D12165  |l CCI  |s A  |a 24  |w stu23970_0001